000 00446nam a2200133 a 4500
001 000038654
005 20201002031327.0
008 130417s1947 dr 000 0 spa d
040 _aDO-SdBNP
_bspa
_cBNPHU
100 1 _aGarcía Rodríguez, José María
_928226
245 1 3 _aUn español en la española /
_cJosé María García Rodríguez.
260 _aCiudad Trujillo, República Dominicana :
_bArte y Cine ,
_c1947.
300 _a188 p. : ;
_c21 cm.
999 _c38144
_d38144